All MCU Characters Quiz! - Statistics

General Stats
  • This quiz has been taken 248 times
  • The average score is 53 of 269
Answer Stats
First Appearance Last Appearance Status Actor Character % Correct
Iron Man Black Widow Dead Robert Downey Jr. Iron Man/ Tony Stark
99%
Captain America: The Winter Soldier The Falcon and the Winter Soldier Alive Anthony Mackie Falcon/ Sam Wilson/ Captain America
97%
Iron Man 2 Black Widow Dead Scarlett Johansson Black Widow/ Natasha Romanoff
96%
Captain America: The First Avenger Captain America (4) Dead Chris Evans Captain America/ Steve Rogers
96%
Thor Thor: Love and Thunder Alive Natalie Portman Jane Foster/ Thor
96%
The Falcon and the Winter Soldier The Thunderbolts Alive Wyatt Russell John Walker/ Captain America/ U.S. Agent
96%
The Incredible Hulk Wolverine V.S. Hulk Alive Mark Ruffalo/ Ed Norton Hulk/ Bruce Banner
90%
Thor Hawkeye Alive Jeremy Renner Hawkeye/ Clint Barton/ Ronin
86%
Iron Man 2 Spider-Man: No Way Home Alive Tom Holland Spider-Man/ Peter Parker
85%
Captain America: Civil War Black Panther: Wakanda Forever Dead Chadwick Boseman Black Panther/ T'Challa
84%
Captain America: The Winter Soldier Doctor Strange in the Multiverse of Madness Alive Elizabeth Olsen Scarlet Witch/ Wanda Maximoff
84%
Avengers: Age of Ultron WandaVision Dead Paul Bettany Vision
84%
Captain America: The First Avenger The Falcon and the Winter Soldier Alive Sebastian Stan Bucky Barnes/ Winter Soldier/ White Wolf
82%
Iron Man Armor Wars Alive Terrance Howard/ Don Cheadle War Machine/ James Rhodes/ Iron Patriot
78%
Guardians of the Galaxy Guardians of the Galaxy Vol. 3 Dead Zoe Saldana Gamora
73%
Guardians of the Galaxy Guardians of the Galaxy Vol. 3 Alive Chris Pratt Star-Lord/ Peter Quill
73%
Ant-Man Ant-Man and the Wasp: Quantumania Alive Paul Rudd Ant-Man/ Scott Lang
72%
Iron Man Secret Invasion Alive Samuel L. Jackson Nick Fury
68%
Ant-Man Ant-Man and the Wasp: Quantumania Alive Evangeline Lilly Wasp/ Hope Van Dyne
68%
The Avengers Avengers: Endgame Dead Josh Brolin Thanos
67%
Thor Thor: Ragnarok Dead Anthony Hopkins Odin
63%
Captain Marvel The Marvels Alive Brie Larson/ McKenna Grace Captain Marvel/ Carol Danvers
59%
Thor Loki Dead Tom Hiddleston Loki Laufeyson-Odinson
57%
Thor Avengers: Infinity War Dead Idris Elba Heimdall
56%
Thor Thor: Love and Thunder Alive Chris Hemsworth Thor Odinson
56%
Iron Man Iron Man (4) Alive Gwyneth Paltrow Pepper Potts
55%
Iron Man Spider-Man: No Way Home Alive Jon Favreau Happy Hogan
50%
The Avengers Secret Invasion Unknown Cobie Smulders Maria Hill
49%
Avengers: Age of Ultron Avengers: Age of Ultron Dead James Spader Ultron
49%
Guardians of the Galaxy Guardians of the Galaxy Vol. 3 Alive Dave Bautista Drax
48%
Black Panther Black Panther: Wakanda Forever Alive Letitia Wright Shuri
48%
Guardians of the Galaxy Guardians of the Galaxy Vol. 3 Alive Vin Diesel Groot
47%
Black Panther Black Panther: Wakanda Forever Dead Michael B. Jordan Killmonger/ Erik Stevens
47%
Captaina America: The Winter Soldier Avengers: Age of Ultron Dead Aaron Taylor-Johnson Quicksilver/ Pietro Maximoff
47%
Iron Man Agents of S.H.I.E.L.D. Alive Clark Gregg Phil Coulson
46%
Guardians of the Galaxy Guardians of the Galaxy Vol. 3 Alive Bradley Cooper Rocket
46%
Spider-Man: Homecoming Spider-Man: No Way Home Alive Jacob Batalon Ned Leeds
41%
Guardians of the Galaxy Vol. 2 Guardians of the Galaxy Vol. 3 Alive Pom Klementieff Mantis
40%
Doctor Strange Doctor Strange in the Multiverse of Madness Alive Benedict Wong Wong
40%
Spider-Man: Far From Home Spider-Man: No Way Home Unknown Jake Gylenhaal Mysterio/ Quentin Beck
39%
Captain America: Civil War Spider-Man: No Way Home Alive Marisa Tomei May Parker
38%
Black Panther Black Panther: Wakanda Forever Alive Danai Gurai Okoye
38%
Captain America: The Winter Soldier The Falcon and the Winter Soldier Alive Emily VanCamp Sharon Carter/ Power Broker/ Agent 13
35%
Spider-Man: Homecoming Spider-Man: No Way Home Alive Michael Keaton Vulture/ Adrian Toomes
35%
The Incredible Hulk - Unknown Liv Tyler Betty Ross
34%
Black Panther Black Panther: Wakanda Forever Alive Winston Duke M'Baku/ Man-Ape
34%
Thor: Ragnarok - Unknown Cate Blanchett Hela
31%
Thor: Ragnarok Thor: Love and Thunder Alive Tessa Thompson Valkyrie
30%
Doctor Strange Doctor Strange in the Multiverse of Madness Alive Benedict Cumberbatch Doctor Stephen Strange
29%
Thor: Ragnarok Thor: Love and Thunder Alive Taika Waititi Korg
29%
Captain America: The First Avenger Captain America (4) Unknown Hugo Weaving/ Ross Marquand Red Skull/ Johan Schmiddt
29%
Doctor Strange Avengers: Endgame Dead Tilda Swinton Ancient One
28%
Iron Man Spider-Man: Far From Home Dead Jeff Bridges Iron Monger/ Obadiah Stane
28%
Iron Man Avengers: Endgame N/A Paul Bettany J.A.R.V.I.S.
28%
Thor Thor: Love and Thunder Alive Jaimie Alexander Lady Sif
28%
Guardians of the Galaxy Vol. 2 - Dead Kurt Russell Ego
27%
Spider-Man: Homecoming Spider-Man: No Way Home Alive Zendaya Michelle Jones
27%
WandaVision - Alive Kathryn Hahn Agatha Harkness
26%
Avengers: Infinity War Avengers: Endgame Dead Tom Vaughn-Lawlor Ebony Maw
26%
The Incredible Hulk She-Hulk Alive Tim Roth Emil Blonsky/ Abomination
26%
Guardians of the Galaxy Vol. 2 Thor: Ragnarok Unknown Jeff Goldblum Grandmaster
26%
Thor Avengers: Endgame Dead Rene Russo Frigga
25%
Iron Man Avengers: Endgame Dead Gerard Sanders/ John Slattery/ Dominic Cooper Howard Stark
25%
Ant-Man Ant-Man and the Wasp: Quantumania Alive Michelle Pfierrier Janet Van Dyne
25%
Captain Marvel The Marvels Alive Teyonah Paris Monica Rambeau
25%
Black Panther Black Panther: Wakanda Forever Unknown Lupita N"Ongo Nakia
24%
Avengers: Age of Ultron Secret Invasion Alive Ben Mendelsohn/ Samuel L. Jackson Talos
24%
Black Widow - Alive David Harbor Red Guardian
23%
Captain America: Civil War Black Panther Dead John Kani T'Chaka
23%
Black Widow - Alive Florence Pugh Yelena Belova
23%
Iron Man 3 Iron Man 3 Dead Guy Pierce Aldrich Killian/ Mandarin
22%
Captain America: The Winter Soldier Avengers: Endgame Dead Robert Redford Alexander Pierce
22%
Captain America: The Winter Soldier Avengers: Endgame Dead Frank Grillo Brock Rumlow/ Crossbones
22%
Thor: The Dark World Avengers: Infinity War Unknown Benicio Del Toro Collector
22%
Thor WandaVision Alive Kat Dennings Darcy Lewis
22%
Ant-Man and the Wasp - Unknown Hannah John-Kemen Ghost/ Ava Starr
22%
Ant-Man Ant-Man and the Wasp: Quantumania Alive Michael Pena Luis
22%
Avengers: Infinity War Avengers: Endgame Dead Carrie Coon Proxima Midnight
22%
Black Panther Black Panther: Wakanda Forever Alive Angela Bassett Ramonda
22%
Shang-Chi and the Legend of the Ten Rings - Alive Shang-Chi
22%
Daredevil Spider-Man: No Way Home Alive Charlie Cox Daredevil/ Matt Murdock
21%
Doctor Strange - Alive Benedict Cumberbatch Dormammu
21%
Spider-Man: Homecoming Spider-Man: No Way Home Alive Tony Revolori Flash Thompson
21%
Hawkeye - Alive Hailee Steinfeld Kate Bishop
21%
Avengers: Endgame Iron Man (4) Alive Lexi Rabe Morgan Stark
21%
Iron Man 2 Iron Man 2 Dead Mickey Rourke Whiplash/ Ivan Vanko
21%
Captain Marvel WandaVision Dead Lashana Lynch Maria Rambeau
20%
Iron Man 3 All Hail the King Unknown Ben Kingsley Trevor Slattery/ Mandarin
20%
Iron Fist The Defenders Alive Iron Fist/ Danny Rand
19%
Ms. Marvel The Marvels Alive Ms. Marvel/ Kamala Khan
19%
Captain Marvel Captain Marvel Unknown Jude Law Yon-Rogg
19%
Captain America: The First Avenger Captain America: The Winter Soldier Dead Toby Jones Arnim Zola
18%
Doctor Strange Doctor Strange in the Multiverse of Madness Alive Rachel McAdams Christine Palmer
18%
Avengers: Infinity War Avengers: Endgame Dead Michael Shaw Corvus Glaive
18%
Avengers: infinity War Avengers: Endgame Dead Terry Notary Cull Obsidian
18%
Thor Thor: Ragnarok Dead Josh Dallas/ Zachary Levi Fandral
18%
Thor Thor: Ragnarok Dead Tadanobu Asano Hogun
18%
Ant-Man and the Wasp WandaVision Alive Randall Park Jimmy Woo
18%
Iron Man 2 Armor Wars Alive Sam Rockwell Justin Hammer
18%
Jessica Jones The Defenders Alive Luke Cage
18%
Thor: The Dark World - Dead Thomas Eccelston Malekith
18%
Guardians of the Galaxy Captain Marvel Dead Lee Pace Ronan
18%
Avengers: Age of Ultron Black Panther Dead Andy Serkis Ulysses Klaue
18%
Thor Thor: Ragnarok Dead Ray Stevenson Volstagg
18%
Ant-Man - Dead Corey Stoll Yellowjacket/ Darren Cross
18%
Jessica Jones The Defenders Alive Jessica Jones
17%
Spider-Man: Far From Home Spider-Man: No Way Home Alive J.K. Simmons J. Jonah Jameson
17%
Thor: Ragnarok - Dead Karl Urban Skurge/ Executioner
17%
Iron Man Avengers: Endgame Dead Himself Stan Lee
17%
Iron Man 3 Avengers: Endgame Alive Ty Simpkins Harley Keener
16%
Doctor Strange - N/A Mads Mikkelsen Kaecilius
16%
Avengers: Age of Ultron Hawkeye Alive Linda Cardellini Laura Barton
16%
Thor: Ragnarok Thor: Love and Thunder Alive Stephen Murdock Miek
16%
Guardians of the Galaxy Guardians of the Galaxy Vol. 2 Dead Michael Rooker Yondu Udonta
16%
Ant-Man and the Wasp - Unknown Laurence Fishburne Bill Foster
15%
Ant-Man Ant-Man and the Wasp: Quantumania Alive Abby Ryder-Fortson Cassie Lang
15%
Avengers: Age of Ultron Iron Man (4) N/A Kerry Condon F.R.I.D.A.Y.
15%
Guardians of the Galaxy Guardians of the Galaxy Vol. 4 Alive Sean Gunn Kraglin
15%
Agents of S.H.I.E.L.D. Agents of S.H.I.E.L.D. Alive Ming Na-Wen Melinda May
15%
Thor: Ragnarok - Unknown Clancy Brown Surtur
15%
Captain America: The First Avenger Captain America (4) Dead Hayley Atwell Agent Peggy Carter
14%
Guardians of the Galaxy Vol. 2 Guardians of the Galaxy Vol. 3 Alive Elizabeth Debicki Ayesha
14%
Spider-Man: Homecoming Spider-Man: No Way Home Alive Angourie Rice Betty Brant
14%
Guardians of the Galaxy Avengers: Endgame Alive Seth Green Howard the Duck
14%
Doctor Strange Doctor Strange in the Multiverse of Madness Alive Chiewetel Ejiofor Karl Mordo
14%
Ant-Man Ant-Man and the Wasp: Quantumania Alive David Dastmalchian Kurt
14%
Captain America: Civil War The Falcon and the Winter Soldier Alive Florence Kashumba Ayo
13%
Avengers: Infinity War - Alive Peter Dinklage Eitri
13%
Captain Marvel Captain Marvel Unknown Gonzo Goose
13%
Thor: Love and Thunder - Alive Christian Bale Gorr the God Butcher
13%
Spider-Man: Homecoming - N/A Jennifer Connelly Karen
12%
Avengers: Age of Ultron Hawkeye Alive Jaiden Stafford Nathaniel Barton
12%
Cloak and Dagger - Alive Olivia Holt Tandy Bowen/ Dagger
12%
Cloak and Dagger - Alive Tyrone Johnson/ Cloak
12%
Ant-Man Ant-Man and the Wasp: Quantumania Alive Michael Douglas Dr. Hank Pym
11%
Captain America: The First Avenger Agent Carter Dead Neal McDonaugh Dum Dum Dugan
11%
Daredevil - Unknown Kingpin/ Wilson Fisk
11%
Captain America: Civil War - Dead Hope Davis Maria Stark
11%
Captain Marvel - Unknown Gemma Chan Minn-Erva
11%
Agents of S.H.I.E.L.D. - Alive Quake/ Skye/ Daisy Johnson
11%
Captain Marvel - Unknown Annette Bening Supreme Intelligence
11%
Black Panther Black Panther: Wakanda Forever Alive Daniel Kaluuya W'Kabi
11%
Black Panther - Dead Forest Whitaker Zuri
11%
Captain America: Civil War The Thunderbolts Alive Daniel Bruhl Baron Helmut Zemo
10%
Thor Thor: Love and Thunder Alive Stellan Skarsgard Dr. Erik Selvig
10%
Thor: The Dark World - Dead Adewale Akinnuoye-Agbaje Kurse/ Algrim
10%
Avengers: Age of Ultron Hawkeye Alive Ava Russo Lila Barton
10%
The Incredible Hulk - Unknown Tim Blake Nelson Samuel Sterns/ Mr. Blue
10%
Guardians of the Galaxy Vol. 2 - Dead Chris Sullivan Taserface
10%
Thor : Ragnarok Thor: Love and Thunder Alive Matt Damon Actor Loki
9%
WandaVision - Dead Billy Maximoff
9%
Iron Man WHIH Newsfront W/ Christine Everhart Unknown Leslie Bibb Christine Everhart
9%
Ant-Man Ant-Man and the Wasp: Quantumania Alive T.I. Dave
9%
Agent Carter Avengers: Endgame Dead James D'Arcy Edwin Jarvis
9%
Daredevil The Defenders Alive Elektra
9%
Captain America: Civil War Black Panther Unknown Martin Freeman Everett K. Ross
9%
The Incredible Hulk The Thunderbolts Alive William Hurt General Thaddeus Ross
9%
Iron Man Iron Man 3 Dead Shaun Toub Ho Yinsen
9%
Thor Avengers: Endgame Dead Maximiliano Hernandez Jasper Sitwell
9%
Guardians of the Galaxy Captain Marvel Unknown Djiomon Housnou Korath
9%
Thor - Dead Colm Feore Laufey
9%
Spider-Man: Homecoming - Alive Michael Mando Mac Gargan/ Scorpion
9%
Ant-Man Ant-Man and the Wasp Alive Judy Greer Maggie Lang
9%
Spider-Man: Homecoming - Alive Michael Chernus Phineas Mason/ The Tinkerer
9%
Spider-Man: Homecoming - Dead Logan Marshall-Green Shocker/ Jackson Brice
9%
Thor: Ragnarok Thor: Love and Thunder Alive Luke Hemsworth Actor Thor
8%
Avengers: Age of Ultron Hawkeye Alive Ben Sakomoto Cooper Barton
8%
The Falcon and the Winter Soldier - Dead Erin Kellyman Karli Morgenthau
8%
Iron Man 3 - Dead Rebecca Hall Maya Hansen
8%
Loki - N/A Owen Wilson Mobius M. Mobius
8%
Black Panther - Dead Sterling K. Brown N'Jobu
8%
Guardians of the Galaxy - Unknown Glenn Close Novaprime
8%
Ant-Man and the Wasp - Alive Walton Goggins Sonny Burch
8%
WandaVision - Dead Tommy Maximoff
8%
Spider-Man: Homecoming - Alive Donald Glover Aaron Davis
7%
Thor: Ragnarok Thor: Love and Thunder Alive Sam Neill Actor Odin
7%
Avengers: Age of Ultron - Unknown Claudia Kim Dr. Helen Cho
7%
WandaVision - Unknown Evan Peters Ralph Bohner
7%
Iron Man - Dead Faran Tahir Raza
7%
Guardians of the Galaxy Vol. 2 Guardians of the Galaxy Vol. 4 Unknown Sylvester Stallone Stakar Ogord
7%
Captain America: The First Avenger - Dead Stanley Tucci Abraham Erskine
6%
Iron Fist The Defenders Alive Colleen Wing
6%
Spider-Man: Far From Home Spider-Man: No Way Home N/A Dawn Michelle King E.D.I.T.H.
6%
Agents of S.H.I.E.L.D. - Alive Jemma Simmons
6%
Agents of S.H.I.E.L.D. - Alive Leo Fitz
6%
Captain America: The First Avenger Guardians of the Galaxy Vol. 2 Dead Laura Haddock Meredith Quill
6%
Captain Marvel Secret Invasion Alive Sharon Blynn Soren
6%
The Avengers Guardians of the Galaxy Dead Alexis Denisof The Other
6%
Captain Marvel - Dead Annette Bening Wendy Lawson
6%
Spider-Man: Far From Home - Alive Remy Hii Brad Davis
5%
Captain America: The First Avenger Captain America: The Winter Soldier Dead Tommy Lee Jones Col. Chester Phillips
5%
Guardians of the Galaxy Vol. 2 - Alive David Hasselhoff David Hasselhoff
5%
Captain America: The Winter Soldier Avengers: Endgame Unknown Callan Mulvey Jack Rollins
5%
Captain America: The First Avenger Spider-Man: Homecoming Dead Kenneth Choi Jim Morita
5%
Luke Cage The Defenders Alive Misty Knight
5%
Ant-Man Ant-Man and the Wasp Alive Bobby Cannavale Paxton
5%
The Incredible Hulk Spider-Man: Far From Home Alive Martin Starr Roger Harrington
5%
Thor: Ragnarok - Unknown Rachel House Topaz
5%
What If...? - N/A Uatu the Watcher
5%
Guardians of the Galaxy Vol. 2 Guardians of the Galaxy Vol. 4 Unknown Michello Yeoh Aleta Ogord
4%
Captain America: The Winter Soldier Avengers: Age of Ultron Unknown Thomas Kretschmann Baron Wolfgang Von Strucker
4%
Guardians of the Galaxy Vol. 2 Guardians of the Galaxy Vol. 4 Unknown Ving Rhames Charlie-27
4%
Daredevil The Defenders Alive Rosario Dawson Claire Temple/ Night Nurse
4%
Iron Man 3 - Unknown Stephanie Szostak Ellen Brandt
4%
Captain America: The First Avenger Captain America: The Winter Soldier Dead Derek Luke Gabe Jones
4%
Captain America: The Winter Soldier The Falcon and the Winter Soldier Unknown Georges St. Pierre George Batroc
4%
Captain America: The First Avenger Captain America: The Winter Soldier Dead JJ Field James Montgomery Falsworth
4%
WandaVision - Alive Norm
4%
Iron Man 2 Captain America: The Winter Soldier Unknown Garry Shandling Senator Sterns
4%
WandaVision - Alive Tyler Hayward
4%
Iron Man Spider-Man: Far From Home Unknown Peter Billingsley William Ginter Riva
4%
Avengers: Endgame Avengers: Endgame Dead Hiroyuki Sanada Akihiko
3%
Iron Man 2 - Dead Eugene Lazarev Anton Vanko
3%
The Incredible Hulk - Unknown Ty Burrell Dr. Leonard Samson
3%
Captain America: The Winter Soldier Agents of S.H.I.E.L.D. Unknown Henry Goodman Dr. List
3%
Agents of S.H.I.E.L.D. - Unknown Ghostrider/ Johnny Blaze
3%
Captain America: The First Avenger - Dead Richard Armitage Heinz Kruger
3%
Captain America: The First Avenger Captain America: The Winter Soldier Dead Bruno Ricci Jacques Dernier
3%
Doctor Strange - Dead Benjamin Bratt Jonathan Pangborn
3%
WandaVision - Alive Debra Jo Rupp Mrs. Hart
3%
Avengers: Endgame - Alive Ken Jeong Security Guard
3%
Captain Marvel - Unknown Rune Tempte Bron-Char
2%
Iron Man 3 - Dead James Badge Dale Eric Savin
2%
WandaVision - Alive Herb
2%
Thor: The Dark World - Unknown Jonathan Howard Ian Boothby
2%
Guardians of the Galaxy Vol. 2 - Unknown Michael Rosenbaum Martinex
2%
Spider-Man: Far From Home - Alive J.B. Smoove Mr. Dell
2%
WandaVision - Alive Mr. Hart
2%
Guardians of the Galaxy - Unknown John C. Reilly Rhomann Dey
2%
Agents of S.H.I.E.L.D. - Unknown Patten Oswalt Agent Koenig
1%
Captain Marvel - Unknown Algenis Perez Soto Att-Lass
1%
Thor: The Dark World - Dead Tony Curran Bor
1%
Agents of S.H.I.E.L.D. - Unknown Cal Johnson/ Mr. Hyde
1%
Iron Man 2 - Unknown Olivia Munn Chess Roberts
1%
Guardians of the Galaxy Guardians of the Galaxy Vol. 2 Unknown Fred Cosmo the Dog
1%
The New Warriors - Unknown Doreen Green/ Squirrel Girl
1%
Doctor Strange - Unknown Michael Stuhlberg Dr. Nicodemus West
1%
The Falcon and the Winter Soldier - Alive Eli Bradley
1%
The Falcon and the Winter Soldier - Alive Isiah Bradley
1%
The Incredible Hulk - Unknown Himself Lou Ferrigno
1%
Avengers: Age of Ultron - Dead Julie Delpy Madame B.
1%
Captain America: Civil War - Unknown Alfre Woodard Miriam
1%
Ant-Man - Dead Martin Donovan Mitchell Carson
1%
Spider-Man: Homecoming - Unknown Hemky Madera Mr. Delmar
1%
Thor: The Dark World - Unknown Chirs O'Dowd Richard
1%
Avengers: Endgame - Dead Yvette Nicole Brown S.H.I.E.L.D. Agent
1%
Spider-Man: Homecoming - Alive Bokeem Woodbine Shocker II/ Herman Schultz
1%
Captain Marvel - Unknown Chuku Modo Soh-Larr
1%
Thor: The Dark World - Unknown Clive Russell Tyr
1%
Avengers: Age of Ultron - N/A N/A Veronica
1%
Agents of S.H.I.E.L.D. - Unknown Yo-Yo Rodriguez
1%
Thor : Ragnarok - Alive Gabby Carbon Actor Jane Foster
0%
Thor: Ragnarok - Alive Charlotte Nicdao Actor Sif
0%
The Avengers - Unknown Hank Amos Agent Williams
0%
The Avengers - Unknown Ashley Johnson Beth the Waitress
0%
The Avengers Captain America: The Winter Soldier Unknown Jenny Agutter Councilwoman Hawley
0%
Guardians of the Galaxy - Unknown Peter Serafinowicz Denarian Saal
0%
Spider-Man: Far From Home - Alive Numan Acar Dimitri Krafinoff
0%
Captain America: The Winter Soldier Avengers: Endgame Dead Joe Russo Dr. Fine-Broussard
0%
Captain America: The First Avenger - Dead Lex Shrapnel Gilmore Hodge
0%
The Falcon and the Winter Soldier - Alive Jaques Torres
0%
Agents of S.H.I.E.L.D. - Unknown Lincoln Campell
0%
Spider-Man: Homecoming - Alive Laura Harrier Lizz Toomes
0%
The Incredible Hulk - Unknown Nicholas Rose McGee
0%
Iron Man 3 Agents of S.H.I.E.L.D. Alive William Sadler President William Ellis
0%
The Avengers Thor: Ragnarok N/A Stephanie Riggio Quinjet
0%
The Incredible Hulk - Unknown Paul Soles Stanley
0%
Spider-Man: Homecoming Shang-Chi and the Legend of the Ten Rings Alive Zach Cherry Street Vendor
0%
Iron Man 2 - Unknown Kate Mara U.S. Marshal
0%
No matching quizzes found
Score Distribution
Percent of People with Each Score
Percentile by Number Answered
Your Score History
You have not taken this quiz